Kraje graniczące z Francją - Statystyki

Ogólne statystyki
  • Ten quiz został rozwiązany 43 razy
  • Średni wynik to 8 z 10
Statystyki odpowiedzi
Odpowiedź % Poprawnych
Belgia
100%
Niemcy
100%
Hiszpania
95%
Szwajcaria
90%
Andora
88%
Luksemburg
88%
Monako
78%
Włochy
78%
Brazylia
60%
Surinam
53%
Nie znaleziono quizów pasujących do podanych kryteriów
Rozkład punktacji
Procent ludzi z każdym wynikiem
Percentyl według liczby udzielonych odpowiedzi
Twoja historia wyników
Nie rozwiązałeś tego quizu